[Event "GER-ch (Women)"]
[Site "Magdeburg"]
[Date "2021.07.30"]
[Round "8"]
[White "Benzen, Marthe"]
[Black "Pohle, Saskia"]
[Result "1/2-1/2"]
[WhiteElo "1964"]
[BlackElo "1755"]
[PlyCount "132"]
[EventDate "2021.07.25"]
[EventType "swiss"]
[EventRounds "9"]
[EventCountry "GER"]
[SourceTitle "CBM 203 Extra"]
[Source "ChessBase"]
[SourceDate "2021.09.30"]
[SourceVersion "1"]
[SourceVersionDate "2021.09.30"]
[SourceQuality "1"]

1. e4 e5 2. Nc3 Nf6 3. Bc4 Nc6 4. d3 Bc5 5. Bg5 h6 6. Bh4 d6 7. Nd5 g5 8. Bg3 Bd7 9. h4 Nxd5 10. Bxd5 Qf6 11. Qd2 0-0-0 12. 0-0-0 Qg6 13. Nf3 f6 14. Ne1 h5 15. f3 Ne7 16. Bb3 g4 17. Bf2 Bxf2 18. Qxf2 Kb8 19. d4 exd4 20. Qxd4 Nc6 21. Qc3 f5 22. exf5 Bxf5 23. f4 Rde8 24. g3 Rh7 25. Bd5 Be4 26. Rf1 Bxd5 27. Rxd5 Qe4 28. Rg5 a6 29. Qd3 Nd4 30. Qxe4 Rxe4 31. f5 Ne2+ 32. Kd1 Nxg3 33. Rf2 Ree7 34. f6 Ref7 35. Rf4 Rh6 36. Rg7 Rfxf6 37. Rc4 c5 38. b4 Nf5 39. Rg8+ Ka7 40. Ng2 cxb4 41. Rxb4 Rf7 42. Rg5 Ng7 43. Ne3 Ne6 44. Rd5 Nf4 45. Rf5 Rxf5 46. Nxf5 Nd5 47. Rd4 Nc3+ 48. Kd2 Nb5 49. Rd5 Re6 50. Ng3 Re5 51. Rxe5 dxe5 52. Nxh5 Nd4 53. Nf6 g3 54. Ke3 Nf5+ 55. Kf3 Nxh4+ 56. Kxg3 Nf5+ 57. Kf2 Nd4 58. c3 Nb5 59. Nd5 Nd6 60. Ke3 b5 61. Nb4 Kb6 62. Nd3 Nc4+ 63. Ke4 Kc6 64. Nb4+ Kb6 65. Kd5 Ka5 66. Ke4 Kb6 1/2-1/2

[Event "BL 1718 (Women)"]
[Site "Germany"]
[Date "2018.02.17"]
[Round "8.3"]
[White "Benzen, Marthe"]
[Black "Muzychuk, Mariya"]
[Result "0-1"]
[WhiteElo "2010"]
[BlackElo "2544"]
[PlyCount "86"]
[EventDate "2017.10.01"]
[EventType "team-tourn"]
[EventRounds "11"]
[EventCountry "GER"]
[SourceTitle "EXT 2019"]
[Source "ChessBase"]
[SourceDate "2018.10.10"]
[SourceVersion "1"]
[SourceVersionDate "2018.10.10"]
[SourceQuality "1"]
[WhiteTeam "Kiel Doppelbauer (W)"]
[BlackTeam "Baden-Baden (W)"]
[WhiteTeamCountry "GER"]
[BlackTeamCountry "GER"]

1. e4 c5 2. Nf3 e6 3. d3 Nc6 4. g3 g6 5. Bg2 Bg7 6. c3 Nge7 7. 0-0 0-0 8. Be3 b6 9. Re1 Bb7 10. h4 d5 11. exd5 Nxd5 12. Bg5 Qd7 13. d4 cxd4 14. cxd4 h6 15. Bc1 Nde7 16. Nc3 Rfd8 17. Ne2 Nf5 18. Be3 Qe7 19. Qa4 Qb4 20. Nc3 Qxb2 21. Ne4 Qb4 22. Qc2 Rac8 23. Rab1 Qe7 24. Qa4 Na5 25. Bd2 Nc4 26. Bb4 Qd7 27. Qb3 a5 28. Bc3 Bd5 29. Qd1 Nce3 30. fxe3 Bxe4 31. Rc1 Nxg3 32. Qb3 Qd5 33. Kf2 Bxf3 34. Bxf3 Ne4+ 35. Bxe4 Qxe4 36. Qxb6 Qxh4+ 37. Ke2 Qh2+ 38. Kf3 Rd5 39. a4 Qh5+ 40. Kg3 Rg5+ 41. Kf2 Qh2+ 42. Kf3 Qg2+ 43. Kf4 Rf5# 0-1

[Event "BL 1718 (Women)"]
[Site "Germany"]
[Date "2017.12.17"]
[Round "5.3"]
[White "Benzen, Marthe"]
[Black "Warakomska, Anna"]
[Result "0-1"]
[WhiteElo "2010"]
[BlackElo "2268"]
[PlyCount "80"]
[EventDate "2017.10.01"]
[EventType "team-tourn"]
[EventRounds "11"]
[EventCountry "GER"]
[SourceTitle "EXT 2019"]
[Source "ChessBase"]
[SourceDate "2018.10.10"]
[SourceVersion "1"]
[SourceVersionDate "2018.10.10"]
[SourceQuality "1"]
[WhiteTeam "Kiel Doppelbauer (W)"]
[BlackTeam "Rodewisch (W)"]
[WhiteTeamCountry "GER"]
[BlackTeamCountry "GER"]

1. e4 c5 2. Nf3 e6 3. d4 cxd4 4. Nxd4 Nc6 5. Be3 Qc7 6. c3 Nf6 7. Bd3 Ne5 8. Bc2 Nc4 9. Bc1 d5 10. exd5 Nxd5 11. 0-0 Bd7 12. Re1 0-0-0 13. Qf3 Ne5 14. Qe2 Bd6 15. a4 Ng6 16. g3 Kb8 17. Na3 a6 18. Nc4 Bc5 19. Ne3 Nge7 20. Be4 Nf6 21. Bg2 Rc8 22. b4 Bd6 23. Bd2 e5 24. Nb3 Be6 25. Reb1 Ned5 26. Nc5 Nxe3 27. Nxe6 fxe6 28. Qxe3 Nd5 29. Qd3 Rhd8 30. b5 a5 31. Bxd5 exd5 32. b6 Qc4 33. Qxh7 Qe2 34. Be1 Bc5 35. Rc1 Rh8 36. Qg6 Rh6 37. Qxg7 Qh5 38. h4 Rg6 39. Qd7 Rxg3+ 40. Kf1 Rcg8 0-1

[Event "Kiel op 30th"]
[Site "Kiel"]
[Date "2017.07.31"]
[Round "5"]
[White "Moeller, Dustin"]
[Black "Benzen, Marthe"]
[Result "1/2-1/2"]
[WhiteElo "2079"]
[BlackElo "2016"]
[PlyCount "73"]
[EventDate "2017.07.29"]
[EventType "swiss"]
[EventRounds "9"]
[EventCountry "GER"]
[SourceTitle "EXT 2018"]
[Source "ChessBase"]
[SourceDate "2017.10.13"]
[SourceVersion "1"]
[SourceVersionDate "2017.10.13"]
[SourceQuality "1"]

1. d4 Nf6 2. c4 g6 3. Nc3 Bg7 4. e4 d6 5. Be2 0-0 6. Nf3 e5 7. 0-0 Nc6 8. d5 Ne7 9. Ne1 Nd7 10. Be3 f5 11. f3 Nf6 12. Rc1 f4 13. Bf2 g5 14. c5 Ne8 15. Nd3 Ng6 16. b4 Rf7 17. Nb2 h5 18. Nc4 Bf8 19. cxd6 Bxd6 20. Nxd6 Nxd6 21. Nb5 Nxb5 22. Bxb5 Rh7 23. Qb3 Kh8 24. Kh1 g4 25. Qc3 Qg5 26. Be8 Nf8 27. g3 gxf3 28. h4 Qg4 29. Qxe5+ Rg7 30. Kg1 Qh3 31. Qxg7+ Kxg7 32. Bd4+ Kg8 33. Rxf3 Bg4 34. Rxc7 Ng6 35. Bxg6 Bxf3 36. Rg7+ Kf8 37. Rf7+ 1/2-1/2

[Event "Kiel op 30th"]
[Site "Kiel"]
[Date "2017.07.29"]
[Round "2"]
[White "Benzen, Marthe"]
[Black "Niering, Martin"]
[Result "0-1"]
[WhiteElo "2016"]
[BlackElo "2225"]
[PlyCount "76"]
[EventDate "2017.07.29"]
[EventType "swiss"]
[EventRounds "9"]
[EventCountry "GER"]
[SourceTitle "EXT 2018"]
[Source "ChessBase"]
[SourceDate "2017.10.13"]
[SourceVersion "1"]
[SourceVersionDate "2017.10.13"]
[SourceQuality "1"]

1. e4 e6 2. d4 d5 3. Nd2 Be7 4. Bd3 Nf6 5. e5 Nfd7 6. Ne2 c5 7. c3 Nc6 8. 0-0 Qb6 9. Nf3 cxd4 10. cxd4 f5 11. a3 a5 12. b3 Qd8 13. Bb2 0-0 14. Rc1 Nb6 15. h3 Bd7 16. Nh2 Kh8 17. g4 g6 18. f4 a4 19. b4 Na7 20. Nc3 Rc8 21. gxf5 gxf5 22. Nf3 Qe8 23. Kh2 Rg8 24. Rg1 Rxg1 25. Qxg1 Nc4 26. Qf2 Rc7 27. Rg1 Bb5 28. Qg2 Qf8 29. Bxf5 Ne3 30. Qf2 Nxf5 31. Ng5 Bxg5 32. fxg5 Be8 33. Rf1 Rf7 34. Qd2 Nh4 35. Rxf7 Qxf7 36. Qe3 Qf3 37. Qxf3 Nxf3+ 38. Kg2 Nxg5 0-1

[Event "BL 1516 (Women)"]
[Site "Germany"]
[Date "2016.01.10"]
[Round "5.2"]
[White "Fuchs, Judith"]
[Black "Benzen, Marthe"]
[Result "1-0"]
[WhiteElo "2307"]
[BlackElo "2036"]
[PlyCount "55"]
[EventDate "2015.09.26"]
[EventType "team-tourn"]
[EventRounds "11"]
[EventCountry "GER"]
[SourceTitle "EXT 2017"]
[Source "ChessBase"]
[SourceDate "2016.10.25"]
[SourceVersion "1"]
[SourceVersionDate "2016.10.25"]
[SourceQuality "1"]
[WhiteTeam "Hamburger SK (W)"]
[BlackTeam "Kiel Doppelbauer (W)"]
[WhiteTeamCountry "GER"]
[BlackTeamCountry "GER"]

1. e4 e5 2. Bc4 Nf6 3. d3 Bc5 4. Nf3 d6 5. c3 Nc6 6. Nbd2 0-0 7. Bb3 Be6 8. 0-0 h6 9. Re1 Ng4 10. Rf1 Qd7 11. h3 Nf6 12. Re1 Rad8 13. Bc2 d5 14. b4 Bd6 15. Nf1 b5 16. a3 a5 17. Bd2 axb4 18. axb4 Ra8 19. Qe2 dxe4 20. dxe4 Bc4 21. Bd3 Bxd3 22. Qxd3 Qe6 23. Qxb5 Rxa1 24. Rxa1 Nxe4 25. Qxc6 Nxf2 26. Kxf2 e4 27. Nd4 Qf6+ 28. Kg1 1-0

[Event "BL 1516 (Women)"]
[Site "Germany"]
[Date "2015.12.06"]
[Round "4.3"]
[White "Benzen, Marthe"]
[Black "Voicu Jagodzinsky, Carmen"]
[Result "0-1"]
[WhiteElo "2036"]
[BlackElo "2257"]
[PlyCount "82"]
[EventDate "2015.09.26"]
[EventType "team-tourn"]
[EventRounds "11"]
[EventCountry "GER"]
[SourceTitle "CBM 170 Extra"]
[Source "ChessBase"]
[SourceDate "2016.02.25"]
[SourceVersion "1"]
[SourceVersionDate "2016.02.25"]
[SourceQuality "1"]
[WhiteTeam "Kiel Doppelbauer (W)"]
[BlackTeam "Grosslehna (W)"]
[WhiteTeamCountry "GER"]
[BlackTeamCountry "GER"]

1. e4 c5 2. Nf3 e6 3. d4 cxd4 4. Nxd4 a6 5. Be2 Qc7 6. Be3 Nf6 7. Nd2 d5 8. Bf3 e5 9. N4b3 d4 10. Bg5 Be7 11. 0-0 Nc6 12. Rc1 0-0 13. c3 d3 14. Bxf6 Bxf6 15. Bg4 Ne7 16. Bxc8 Raxc8 17. Qf3 Rcd8 18. Rcd1 Rd6 19. Nc1 Rfd8 20. Rfe1 Bg5 21. Ncb3 a5 22. a4 b6 23. Qh5 h6 24. h4 Bxd2 25. Nxd2 Ng6 26. g3 Qc6 27. Ra1 Rf6 28. Re3 Rfd6 29. Qd1 Qc8 30. Kh2 Qe6 31. b3 R6d7 32. Ra2 f5 33. exf5 Qxf5 34. Ne4 Ne7 35. f3 Nd5 36. Re1 Rc8 37. g4 Qf4+ 38. Kg1 Nxc3 39. Nxc3 Rxc3 40. Kg2 d2 41. Re4 Rc1 0-1

[Event "GER-chT Federal Cup (Women)"]
[Site "Braunfels"]
[Date "2014.06.19"]
[Round "1.1"]
[White "Benzen, Marthe"]
[Black "Paehtz, Elisabeth"]
[Result "0-1"]
[WhiteElo "1860"]
[BlackElo "2422"]
[PlyCount "88"]
[EventDate "2014.06.19"]
[EventType "team-swiss"]
[EventRounds "5"]
[EventCountry "GER"]
[SourceTitle "EXT 2015"]
[Source "ChessBase"]
[SourceDate "2014.11.20"]
[SourceVersion "1"]
[SourceVersionDate "2014.11.20"]
[SourceQuality "1"]
[WhiteTeam "Schleswig Holstein (W)"]
[BlackTeam "Baden (W)"]
[WhiteTeamCountry "GER"]
[BlackTeamCountry "GER"]

1. e4 c5 2. Nf3 e6 3. d4 cxd4 4. Nxd4 a6 5. Be3 Nf6 6. Nd2 d6 7. Be2 Be7 8. 0-0 Qc7 9. c4 Nbd7 10. Qc2 b6 11. f4 Bb7 12. Bf3 Rc8 13. Rac1 g6 14. b4 e5 15. Ne2 0-0 16. a3 Rfe8 17. f5 gxf5 18. exf5 d5 19. Ng3 e4 20. Be2 Bd6 21. Qb2 Be5 22. Bd4 Qd6 23. cxd5 Qxd5 24. Bxe5 Qxe5 25. Qxe5 Nxe5 26. Nc4 Nxc4 27. Bxc4 Red8 28. b5 a5 29. Be2 Kf8 30. Rfe1 Ke7 31. Rxc8 Rxc8 32. Bd3 Rc5 33. a4 Kf8 34. Be2 Rc3 35. Rd1 Ke7 36. Rd4 Rc2 37. h3 Bd5 38. Bd1 Rc5 39. Ne2 Kd6 40. g4 Ke5 41. Kf2 h6 42. Rd2 Rc8 43. Ke3 Bc4 44. Nd4 Nd5+ 0-1

[Event "BL2 West 1314 (Women)"]
[Site "Germany"]
[Date "2014.01.26"]
[Round "3.3"]
[White "Koehler, Inken"]
[Black "Benzen, Marthe"]
[Result "0-1"]
[WhiteElo "1596"]
[BlackElo "1933"]
[PlyCount "30"]
[EventDate "2013.11.30"]
[EventType "team-tourn"]
[EventRounds "7"]
[EventCountry "GER"]
[SourceTitle "EXT 2018"]
[Source "ChessBase"]
[SourceDate "2017.10.13"]
[SourceVersion "1"]
[SourceVersionDate "2017.10.13"]
[SourceQuality "1"]
[WhiteTeam "Norderstedt Harksheide (W)"]
[BlackTeam "Kiel Doppelbauer (W)"]
[WhiteTeamCountry "GER"]
[BlackTeamCountry "GER"]

1. e4 e5 2. Nf3 Nc6 3. d4 exd4 4. Nxd4 Bc5 5. Be3 Qf6 6. c3 Nge7 7. Bc4 Ne5 8. Bb3 Qg6 9. 0-0 d5 10. Nf5 dxe4 11. Bxc5 Bxf5 12. Kh1 Rd8 13. Ba4+ N7c6 14. Qe2 Nd3 15. Ba3 Nf4 0-1

[Event "GER-ch (Women)"]
[Site "Bad Wiessee"]
[Date "2013.03.27"]
[Round "8"]
[White "Weinmann, Helene"]
[Black "Benzen, Marthe"]
[Result "0-1"]
[WhiteElo "1695"]
[BlackElo "1893"]
[PlyCount "70"]
[EventDate "2013.03.20"]
[EventType "swiss"]
[EventRounds "9"]
[EventCountry "GER"]
[SourceTitle "CBM 153 Extra"]
[Source "ChessBase"]
[SourceDate "2013.04.22"]
[SourceVersion "1"]
[SourceVersionDate "2013.04.22"]
[SourceQuality "1"]

1. d4 Nf6 2. Nf3 g6 3. c4 Bg7 4. Nc3 d6 5. e4 0-0 6. h3 e5 7. d5 a5 8. Bd3 Na6 9. Be3 h6 10. Rc1 Nd7 11. Qd2 Kh7 12. 0-0 f5 13. Qe2 Nf6 14. exf5 gxf5 15. Bb1 Kg8 16. Rfd1 Nh7 17. Bd2 Qf6 18. Nh2 Nc5 19. f4 Bd7 20. Rf1 Rae8 21. Qh5 e4 22. Qe2 Qh4 23. Be3 Rf7 24. Rcd1 Kh8 25. Qf2 Qe7 26. Rfe1 Rg8 27. Re2 Bf6 28. Bd4 Rfg7 29. Bxf6 Nxf6 30. Qe3 Rg3 31. Qd4 Rxh3 32. Rf1 Kh7 33. Nd1 Qg7 34. Ne3 Rxh2 35. Kxh2 Ng4+ 0-1

[Event "BL2 West 1213 (Women)"]
[Site "Germany"]
[Date "2013.03.10"]
[Round "7.3"]
[White "Benzen, Marthe"]
[Black "Amirezashvili, Maia"]
[Result "1-0"]
[WhiteElo "1893"]
[BlackElo "1880"]
[PlyCount "83"]
[EventDate "2012.10.06"]
[EventType "team-tourn"]
[EventRounds "7"]
[EventCountry "GER"]
[SourceTitle "EXT 2018"]
[Source "ChessBase"]
[SourceDate "2017.10.13"]
[SourceVersion "1"]
[SourceVersionDate "2017.10.13"]
[SourceQuality "1"]
[WhiteTeam "Kiel Doppelbauer (W)"]
[BlackTeam "Steinfurt (W)"]
[WhiteTeamCountry "GER"]
[BlackTeamCountry "GER"]

1. e4 c5 2. Nc3 d6 3. Bc4 Nf6 4. f4 Nc6 5. Nf3 a6 6. a4 Nd4 7. h3 Rb8 8. 0-0 b5 9. axb5 axb5 10. Nxd4 cxd4 11. Nxb5 Nxe4 12. Nxd4 Rb4 13. d3 d5 14. dxe4 dxc4 15. c3 Rb8 16. Qa4+ Qd7 17. Qxc4 e6 18. Qc6 Bb7 19. Qxd7+ Kxd7 20. e5 Bc5 21. Rd1 Ra8 22. Be3 Bd5 23. Rxa8 Rxa8 24. c4 Bxd4 25. Rxd4 Ra1+ 26. Kf2 Rb1 27. Rd2 Kc6 28. cxd5+ exd5 29. g4 Rh1 30. Kg3 Re1 31. Bf2 Rc1 32. h4 Rc4 33. Rd3 Rb4 34. Bd4 Kd7 35. f5 g6 36. Kf4 Rc4 37. Kg5 Rc2 38. Bc3 gxf5 39. Rxd5+ Ke6 40. Rd6+ Ke7 41. gxf5 Rg2+ 42. Kh6 1-0

[Event "Kiel op 25th"]
[Site "Kiel"]
[Date "2012.07.29"]
[Round "4"]
[White "Hausmann, Marcus"]
[Black "Benzen, Marthe"]
[Result "0-1"]
[WhiteElo "1992"]
[BlackElo "1905"]
[PlyCount "54"]
[EventDate "2012.07.28"]
[EventType "swiss"]
[EventRounds "9"]
[EventCountry "GER"]
[SourceTitle "EXT 2015"]
[Source "ChessBase"]
[SourceDate "2014.11.20"]
[SourceVersion "1"]
[SourceVersionDate "2014.11.20"]
[SourceQuality "1"]

1. d4 Nf6 2. Nf3 g6 3. Bf4 Bg7 4. e3 d6 5. h3 c5 6. c3 Nbd7 7. Be2 a6 8. a4 b6 9. 0-0 Bb7 10. Nbd2 0-0 11. Bh2 Qc7 12. Rc1 Rfc8 13. Re1 Bc6 14. b4 Ne4 15. Nxe4 Bxe4 16. Ng5 Bb7 17. Bf3 h6 18. Bxb7 Qxb7 19. Nf3 cxb4 20. cxb4 Rxc1 21. Qxc1 Rc8 22. Qb2 Qc7 23. Rb1 Nf6 24. Nd2 Qc2 25. f3 Qxa4 26. Qb3 Qxb3 27. Rxb3 Nd5 0-1

[Event "Kiel op 25th"]
[Site "Kiel"]
[Date "2012.07.28"]
[Round "2"]
[White "Henschen, Patrick"]
[Black "Benzen, Marthe"]
[Result "0-1"]
[WhiteElo "1600"]
[BlackElo "1905"]
[PlyCount "72"]
[EventDate "2012.07.28"]
[EventType "swiss"]
[EventRounds "9"]
[EventCountry "GER"]
[SourceTitle "EXT 2015"]
[Source "ChessBase"]
[SourceDate "2014.11.20"]
[SourceVersion "1"]
[SourceVersionDate "2014.11.20"]
[SourceQuality "1"]

1. d4 Nf6 2. c4 g6 3. Nc3 Bg7 4. Nf3 d6 5. e4 0-0 6. Be2 e5 7. d5 a5 8. 0-0 Na6 9. Nd2 Nc5 10. f3 Nfd7 11. Nb3 Nxb3 12. axb3 Nb6 13. Be3 c5 14. dxc6 bxc6 15. Kh1 Bb7 16. Bxb6 Qxb6 17. Qxd6 Qxb3 18. Qa3 Qb4 19. c5 Rfd8 20. Rfd1 Rxd1+ 21. Rxd1 Bf8 22. Na4 Rd8 23. Qxb4 Rxd1+ 24. Bxd1 axb4 25. Kg1 Ba6 26. Kf2 Bb5 27. Ke3 Bxa4 28. Bxa4 Bxc5+ 29. Kd3 Bd4 30. b3 c5 31. Kc4 Kg7 32. Kd5 Kf6 33. Bb5 Kg5 34. Bd7 Kf4 35. Kc4 Ke3 36. Bh3 Kf2 0-1